Actas del Congreso de Historia de La Rábida (Record no. 46595)

MARC details
000 -LEADER
campo de control de longitud fija 00616nam a2200169 i 4500
001 - NÚMERO DE CONTROL
campo de control 46595
003 - IDENTIFICADOR DE NÚMERO DE CONTROL
campo de control ES-MaACL
005 - FECHA Y HORA DE LA ÚLTIMA TRANSACCIÓN
campo de control 20250830215917.0
007 - CAMPO FIJO DE DESCRIPCIÓN FÍSICA--INFORMACIÓN GENERAL
campo de control de longitud fija t|
008 - DATOS DE LONGITUD FIJA--INFORMACIÓN GENERAL
campo de control de longitud fija 030331s1978 sp ||||1| spa d
111 2# - ENTRADA PRINCIPAL--NOMBRE DE CONGRESO/REUNIÓN
Nombre de congreso/reunión o jurisdicción como elemento de entrada Congreso de Historia de los Estados Unidos
Fecha del congreso o de la firma del tratado (1976.
Sede del congreso/Lugar de la reunión La Rábida)
9 (RLIN) 306
245 10 - MENCIÓN DEL TÍTULO
Título Actas del Congreso de Historia de La Rábida
Resto del título : Universidad de La Rábida 5-9 julio de 1976.
260 ## - PUBLICACIÓN, DISTRIBUCIÓN, ETC.
Lugar de publicación, distribución, etc. [Madrid :
Nombre del editor, distribuidor, etc. Servicio de Publicaciones del Ministerio de Educacion y Ciencia,
Fecha de publicación, distribución, etc. 1978]
300 ## - DESCRIPCIÓN FÍSICA
Extensión 302 p. :
Otras características físicas map. pleg., il. ;
Dimensiones 24 cm.
852 ## - LOCALIZACIÓN
Ubicación ES-MaACL
Número de control de estantería L-1788
Sublocalización o colección R.97624
Holdings
Estatus retirado Estado de pérdida Estado de daño No para préstamo Biblioteca de origen Biblioteca actual Ubicación en estantería Fecha de adquisición Fuente de adquisición Total de préstamos Signatura topográfica completa Código de barras Visto por última vez Precio de reemplazo Tipo de ítem Koha
        Biblioteca del Ateneo de Madrid Biblioteca del Ateneo de Madrid Depósito 2 17/01/2008     L-1788 1049004 23/02/2023 23/02/2023 Libro impreso